| 000 | 00444nab a22001457 4500 | ||
|---|---|---|---|
| 003 | ES-SlBCS | ||
| 005 | 20210327224003.0 | ||
| 008 | 140113s2012 sp ||||| |||| 00| 0 spa d | ||
| 040 |
_aES-SlBC _bspa |
||
| 041 | _aspa | ||
| 100 | 1 |
_aPablos, Juan de _985555 |
|
| 245 | 1 |
_aEl nombramiento de los dos nuevos doctores de la Iglesia _cJuan de Pablos |
|
| 773 | 0 |
_gVol. 52, núm. 312, 2012, págs. 609-612 _tPhase _wRev324 _x0210-3877 |
|
| 942 |
_2lcc _cAR |
||
| 999 |
_c450543 _d450543 |
||